Communicative English/ (Record no. 186829)

MARC details
000 -LEADER
fixed length control field 00590nam a22001817a 4500
005 - DATE AND TIME OF LATEST TRANSACTION
control field 20220321104349.0
010 ## - LCCN (DPL NO)
LC control number ENG-132030
020 ## - INTERNATIONAL STANDARD BOOK NUMBER
International Standard Book Number 9789383051557
Terms of availability 150.00
035 ## - SYSTEM CONTROL NUMBER
System control number EN-115562
037 ## - SOURCE OF ACQUISITION
Source of stock number/acquisition DBAD
082 ## - DEWEY DECIMAL CLASSIFICATION NUMBER
Classification number 485
100 ## - MAIN ENTRY--PERSONAL NAME
Personal name Raghavan, Shrinivasan S.
245 ## - TITLE STATEMENT
Title Communicative English/
Statement of responsibility, etc Shrinivasan S. Raghavan
260 ## - PUBLICATION, DISTRIBUTION, ETC. (IMPRINT)
Place of publication, distribution, etc Chennai
Name of publisher, distributor, etc Unique Media Integrators
Date of publication, distribution, etc 2015
270 ## - ADDRESS
Address No. 8, 6th Cross, 8th Main Road, Vaishavi Nagar, Thirumullaivoyal
City Chennai
Postal code 600109
Electronic mail address umi.infobooks@gmail.com
300 ## - PHYSICAL DESCRIPTION
Extent 192p
Dimensions 21cm(pbk)
942 ## - ADDED ENTRY ELEMENTS (KOHA)
Source of classification or shelving scheme Dewey Decimal Classification
Item type English Books
Classification part 485
Call number suffix RAG
Holdings
Withdrawn status Lost status Not for loan Collection code Home library Current library Date acquired Source of acquisition Cost, normal purchase price Full call number Barcode Copy number Cost, replacement price Koha item type
      Non-fiction Patel Nagar Patel Nagar 21/03/2022 DBAD/PUB 150.00 485 RAG EN-115562 1 150.00 English Books

© Delhi Public Library
Hit Counter
free hit counter